La teoría social del trabajo /

Se desarrolla el tema de la teorización social del trabajo, su concepto y el de trabajador, y sus cambios en términos de evolución y construcción históricas. Se relata la invención de la categoría en los siglos XVIII y XIX europeos, la consolidación de ese significado desde inicios del siglo XX hast...

Ausführliche Beschreibung

Gespeichert in:
Bibliographische Detailangaben
1. Verfasser: Prieto, Carlos
Format: Text
Schlagworte:
Tags: Tag hinzufügen
Keine Tags, Fügen Sie den ersten Tag hinzu!

MARC

LEADER 00000 a a2200000 04500
001 40901
003
040
100 |a Prieto, Carlos  
245 |a La teoría social del trabajo /  |c Carlos Prieto  
520 |a Se desarrolla el tema de la teorización social del trabajo, su concepto y el de trabajador, y sus cambios en términos de evolución y construcción históricas. Se relata la invención de la categoría en los siglos XVIII y XIX europeos, la consolidación de ese significado desde inicios del siglo XX hasta los años 70s, y la postura actual, en la que la centralidad del concepto es cuestionada. Además, se enfatiza el problema derivado de la existencia de múltiples significados del término trabajo.  
590 |a EFU/MAYO2011  
650 |a 1.SOCIOLOGIA  
650 |a 2.TRABAJO  
650 |a 3.TEORIA  
773 |g páginas 401-429  
999 |c 28589  |d 28589